Mapa de las regiones de España en 1960 - Estadísticas

Estadísticas generales
  • Esta prueba ha sido intentada 2.758 veces
  • La puntuación promedio es 16 de 20
Respuestas en el mapa
Las respuestas están codificadas por una escala verde-roja en el mapa de la prueba según el % correcto abajo.
 
Estadísticas de respuestas
Respuesta % Correcto
Andalucía
98%
Galicia
98%
Cataluña
97%
Valencia
96%
Aragón
95%
Extremadura
95%
Asturias
94%
Ceuta
93%
Murcia
93%
Canarias
92%
Melilla
92%
Navarra
91%
Baleares
90%
León
86%
Guinea española
74%
Castilla la Vieja
62%
Castilla la Nueva
61%
Vascongadas
56%
Sáhara español
49%
Ifni
15%
No se encontraron pruebas coincidentes
Distribución de puntuación
Porcentaje de gente con cada puntuación
Porcentaje por número respondido
Historial de tus puntuaciones
No has intentado esta prueba.